=LDR 00000nam 2200000 4500 =001 NUTBA000000000003348 =005 20140814163424.0 =006 =007 =008 =020 ##$$a 979-25-4404-6 =035 ##$$a 0010-081400000000193 =040 ##$$a Ind =082 ##$$a 658.311 25 =090 ##$$a 658.311 25$bMul c =100 ##$$a Mulyadi =245 ##$$a Cara mudah memahami psikotes$cMulyadi =250 ##$$a Cet. 3 =260 ##$$a Malang$bKarya pustaka$c2013. =300 ##$$a 96 Hlm$bIlus$c21 cm. =850 ##$$a NBPNMAT =990 ##$$a 21403794 =990 ##$$a 0001/BPAP-NTB/20142014 =990 ##$$a 0001/BPAP-NTB/20142014 =990 ##$$a 0001/BPAP-NTB/20142014